00733nam a2200205 i 4500001000300000003000900003005001700012008003900029015001700068040003500085080001500120100004100135245009200176260004400268300002600312380001700338504002200355710005200377856009800429bgKOSZ 00520191015092511.0070620s1969 pl g 000 0 pol aPB 1969/2823 aWA NcKOSZ 005/RWdKOSZ 005/RW a342.4(438)1 aGościniak, Kazimierzd(1929-1977).10aCzym jest, a czym nie jest Konstytucja PRL :bzarys popularny /cKazimierz Gościniak. aWarszawa :b"Wiedza Powszechna",c1969. a155, [5] s. ;c18 cm. aKsiążki. aBibliogr. s. 119.2 aPaństwowe Wydawnictwo Wiedza Powszechna4pbl. uhttp://koha.tu.koszalin.pl/cgi-bin/koha/opac-detail.pl?biblionumber=11623yKatalog online BPK